Muslim civilization in India / (Record no. 23324)

MARC details
000 -LEADER
fixed length control field 00876cam a22002411 4500
001 - CONTROL NUMBER
control field 3113563
003 - CONTROL NUMBER IDENTIFIER
control field BDDh-ASL
005 - DATE AND TIME OF LATEST TRANSACTION
control field 20231015030227.0
008 - FIXED-LENGTH DATA ELEMENTS--GENERAL INFORMATION
fixed length control field 760107s1964 nyub b 000 0 eng
010 ## - LIBRARY OF CONGRESS CONTROL NUMBER
LC control number 64014656
040 ## - CATALOGING SOURCE
Original cataloging agency DLC
Transcribing agency Wa
Modifying agency DLC
-- BDDh-ASL
050 00 - LIBRARY OF CONGRESS CALL NUMBER
Classification number DS427
Item number .I42
082 00 - DEWEY DECIMAL CLASSIFICATION NUMBER
Classification number 954.297
Item number IKM
100 1# - MAIN ENTRY--PERSONAL NAME
Personal name Ikram, S. M.
Fuller form of name (Sheikh Mohamad),
Dates associated with a name 1908-1973.
245 10 - TITLE STATEMENT
Title Muslim civilization in India /
Statement of responsibility, etc. by S. M. Ikram. Edited by Ainslie T. Embree.
260 ## - PUBLICATION, DISTRIBUTION, ETC.
Place of publication, distribution, etc. New York:
Name of publisher, distributor, etc. Columbia University Press,
Date of publication, distribution, etc. 1964.
300 ## - PHYSICAL DESCRIPTION
Extent x, 325 p. :
Other physical details maps.
Dimensions 25 cm.
500 ## - GENERAL NOTE
General note "An abridgment of the author's fuller History of Muslim civilization in India and Pakistan (712-1858), published in Lahore in 1962."
504 ## - BIBLIOGRAPHY, ETC. NOTE
Bibliography, etc. note Bibliography: p. [308]-310.
650 #0 - SUBJECT ADDED ENTRY--TOPICAL TERM
Topical term or geographic name entry element Islamic civilization.
906 ## - LOCAL DATA ELEMENT F, LDF (RLIN)
a 7
b cbc
c orignew
d u
e ocip
f 19
g y-gencatlg
942 ## - ADDED ENTRY ELEMENTS (KOHA)
Source of classification or shelving scheme Dewey Decimal Classification
Koha item type Books
Holdings
Withdrawn status Lost status Source of classification or shelving scheme Damaged status Not for loan Collection code Home library Current library Shelving location Date acquired Source of acquisition Total Checkouts Full call number Barcode Date last seen Copy number Price effective from Koha item type Public note
    Dewey Decimal Classification     Non-fiction Asiatic Society Library Asiatic Society Library General Stacks 03/23/2021 ASB Library Collections   954.297 IKM 107742 03/23/2021 C-1 03/23/2021 Books RARE

Powered by Koha